000 00720nam a2200265Ia 4500
003 OSt
005 20220918163356.0
006 a|||||r|||| 00| 0
007 ta
008 220917b |||||||| |||| 00| 0 eng d
020 _a0 7069 0522 9
024 _a33,182
037 _cTextual
040 _aARTS
_cARTS
_beng
041 _2eng
_aeng
082 _aO111944,3(Y:351)x, L7
100 _aGill Manohar Singh
_912818
245 0 _aFolk tales of Lahaul
260 _aNew Delhi
_bVikas Pub House India
_c1977
300 _a99p.
_ccm.
500 _aGlossary 99p
650 _aENGLISH LITERATURE
942 _hO111944,3(Y:351)x, L7
_cTEXL
_2CC
999 _c119241
_d119241